| 000 | 00730nam a2200217 i 4500 | ||
|---|---|---|---|
| 001 | 128654 | ||
| 003 | ES-MaACL | ||
| 005 | 20230906193333.0 | ||
| 007 | t| | ||
| 008 | 070521s1912 fr ||||1| fre d | ||
| 100 | 1 |
_aTannery, Paul. _9109206 |
|
| 245 | 1 | 0 |
_aMémoires scientifiques publiés / _cPaul Tannery ; publiés par J.L. Heiberg et H.G. Zeuthen. |
| 260 |
_aToulouse : _b[s.n.], _c1912 ( _fEdouard Privat) |
||
| 300 |
_a2 v., lám. : _bil. ; _c24 cm. |
||
| 500 | _aRetrato del autor. | ||
| 505 | 8 | _aContiene: Sciences exactes dans l'antiquité | |
| 700 | 1 |
_aHeiberg, Johan Ludvig. _962334 |
|
| 700 | 1 |
_aZeuthen, Hieronymus G. _9118214 |
|
| 740 | 0 | _aSciences exactes dans l' antiquité. | |
| 852 |
_aES-MaACL _jF-981-2 |
||
| 999 |
_c128654 _d128654 |
||